[Event "16th EUR-ch"]
[Site "Jerusalem ISR"]
[Date "2015.03.08"]
[Round "11"]
[White "Boruchovsky, Avital"]
[Black "Slavin, Alexey"]
[Result "1/2-1/2"]
[WhiteElo "2536"]
[BlackElo "2391"]
[EventDate "2015.02.24"]
[PlyCount "81"]

1.d4 Nf6 2.Nf3 e6 3.c4 d5 4.g3 Bb4+ 5.Bd2 Bd6 6.Bg2 O-O 7.O-O c6 8.Qc2 
Nbd7 9.Nc3 dxc4 10.Rad1 Qc7 11.e4 e5 12.Bg5 h6 13.dxe5 Bxe5 14.Nxe5 hxg5 
15.Nxc4 Ne5 16.Ne3 Qe7 17.Qc1 g4 18.Nf5 Bxf5 19.exf5 Qc5 20.Qg5 Rae8 21.
Ne4 Nxe4 22.Bxe4 f6 23.Qf4 Qc4 24.b3 Nf3+ 25.Bxf3 Qxf4 26.Bd5+ cxd5 27.
gxf4 Re4 28.Rxd5 Rxf4 29.Re1 Rc8 30.Rd7 Rc2 31.Re8+ Kh7 32.Ree7 Rxf5 33.
Rxg7+ Kh6 34.Rh7+ Kg5 35.Rhg7+ Kf4 36.Kg2 Rxa2 37.Rxb7 Ke5 38.Rb5+ Ke6 39.
Re7+ Kxe7 40.Rxf5 Ke6 41.Rb5 1/2-1/2

[Event "16th EUR-ch"]
[Site "Jerusalem ISR"]
[Date "2015.03.08"]
[Round "11"]
[White "Kovalev, Vladislav"]
[Black "Codenotti, Marco"]
[Result "1-0"]
[WhiteElo "2531"]
[BlackElo "2374"]
[EventDate "2015.02.24"]
[PlyCount "87"]

1.e4 e5 2.Nc3 Nf6 3.g3 d5 4.exd5 Nxd5 5.Bg2 Nxc3 6.bxc3 Nc6 7.d3 Bc5 8.Ne2
h5 9.h3 Be6 10.c4 O-O 11.Rb1 Rb8 12.Rb5 Qe7 13.Be3 Bxe3 14.fxe3 a6 15.Rb1 
h4 16.g4 Qg5 17.Qc1 Na5 18.Bd5 b5 19.Bxe6 fxe6 20.cxb5 axb5 21.Rf1 e4 22.
Rxf8+ Rxf8 23.Nf4 Qf6 24.Rxb5 e5 25.Ne2 Qf2+ 26.Kd2 Rf3 27.Qg1 Qxg1 28.
Nxg1 Rf1 29.Ne2 Nc6 30.Rc5 exd3 31.cxd3 Rf6 32.Nc3 Rf2+ 33.Ne2 Rf6 34.a3 
Kf8 35.Nc3 Ne7 36.Ne4 Ra6 37.Rc3 Nd5 38.Rb3 Ke7 39.Rb5 c6 40.Rb7+ Kf8 41.
Rb3 Ke7 42.Ke2 g6 43.Nd2 Nb6 44.Nf3 1-0

[Event "16th EUR-ch"]
[Site "Jerusalem ISR"]
[Date "2015.03.08"]
[Round "11"]
[White "Salgado Lopez, Ivan"]
[Black "Kali, Omer"]
[Result "1-0"]
[WhiteElo "2628"]
[BlackElo "2089"]
[EventDate "2015.02.24"]
[PlyCount "215"]

1.e4 e5 2.Nf3 Nc6 3.Bb5 a6 4.Ba4 Nf6 5.O-O b5 6.Bb3 Bb7 7.Re1 Bc5 8.c3 d6 
9.d4 Bb6 10.a4 O-O 11.Bg5 h6 12.Bh4 g5 13.Nxg5 hxg5 14.Bxg5 exd4 15.cxd4 
Nxd4 16.Bd5 Ne6 17.Bh4 c6 18.Qf3 Bd4 19.e5 Nxd5 20.Qg4+ Ng7 21.Bxd8 Bxe5 
22.Rxe5 dxe5 23.Bg5 f6 24.Bh6 Rf7 25.Nc3 Nxc3 26.bxc3 Rd8 27.Qg6 Rd6 28.h4
Rfd7 29.Be3 f5 30.Qg5 Kh7 31.h5 c5 32.axb5 axb5 33.Bxc5 Rh6 34.Bf8 Rxh5 
35.Qf6 f4 36.Re1 Rh6 37.Qxe5 Re6 38.Qxe6 Nxe6 39.Rxe6 f3 40.gxf3 Bxf3 41.
Kh2 Bd5 42.Rb6 Rb7 43.Ra6 Rc7 44.Bb4 Rc6 45.Ra5 Bc4 46.Ra7+ Kg6 47.Kg3 Kf5
48.f3 Bd5 49.Rd7 Bc4 50.Rd8 Rg6+ 51.Kf2 Rg8 52.Rd7 Re8 53.Bc5 Kf4 54.Rd4+ 
Kf5 55.Rh4 Kg5 56.Rg4+ Kf5 57.Rg7 Re2+ 58.Kg3 Re8 59.Rb7 Rg8+ 60.Kf2 Re8 
61.Be3 Rg8 62.Bd4 Re8 63.Rb6 Re2+ 64.Kg3 Re6 65.Rb7 Re8 66.Rh7 Rg8+ 67.Kf2
Rg6 68.Re7 Re6 69.Rf7+ Kg6 70.Rb7 Kf5 71.Rb8 Re7 72.Kg3 Rf7 73.Rb6 Rf8 74.
Rc6 Rg8+ 75.Kf2 Rf8 76.Rc5+ Ke6 77.Re5+ Kd6 78.Ke3 Rf6 79.Rg5 Re6+ 80.Kf4 
Bd3 81.Bc5+ Kc6 82.Bb4 Be2 83.Rf5 Bc4 84.Rf8 Kd7 85.Bc5 Re8 86.Rf5 Kc6 87.
Bb4 Re6 88.Rc5+ Kd7 89.Kg5 Rc6 90.Rf5 Re6 91.f4 Re1 92.Rf6 Re6 93.Rf7+ Kc6
94.f5 Re8 95.Ra7 Rg8+ 96.Kf6 Bd3 97.Ra6+ Kb7 98.Rd6 Bc2 99.Rd5 Kc6 100.
Rc5+ Kb6 101.Re5 Kc6 102.Re6+ Kc7 103.Re2 Bd3 104.Rd2 Rg3 105.Rf2 Kd7 106.
Rf4 Bc4 107.Rd4+ Kc7 108.Bd6+ 1-0

[Event "16th EUR-ch"]
[Site "Jerusalem ISR"]
[Date "2015.03.08"]
[Round "11"]
[White "Nakar, Eylon"]
[Black "Georgiev, Kiril"]
[Result "0-1"]
[WhiteElo "2435"]
[BlackElo "2623"]
[EventDate "2015.02.24"]
[PlyCount "84"]

1.e4 c6 2.d4 d5 3.e5 Bf5 4.Nf3 e6 5.Be2 Nd7 6.O-O Ne7 7.Nbd2 Nc8 8.a4 Be7 
9.a5 O-O 10.Nb3 a6 11.Be3 Na7 12.Qd2 Rc8 13.Rac1 Re8 14.Rfd1 Be4 15.Ne1 c5
16.Nxc5 Nxc5 17.dxc5 Nc6 18.Bd3 Qxa5 19.Qxa5 Nxa5 20.Bxe4 dxe4 21.Rd4 Bxc5
22.Rxe4 Bxe3 23.Rxe3 Nc4 24.Re4 Nxb2 25.Rb1 Nc4 26.Rxb7 Red8 27.g3 h6 28.
Ra7 a5 29.Nf3 Rc5 30.h4 Rdc8 31.Kg2 Nb6 32.Ra6 Rb8 33.Ne1 Nd5 34.Nd3 Rxc2 
35.Rxa5 Rb3 36.Rc5 Rd2 37.Nf4 Ne3+ 38.Kh3 Rxf2 39.Rc8+ Kh7 40.Rf8 Nf1 41.
Nh5 Kg6 42.Re2 Kxh5 0-1

[Event "16th EUR-ch"]
[Site "Jerusalem ISR"]
[Date "2015.03.08"]
[Round "11"]
[White "Demchenko, Anton"]
[Black "Gruenfeld, Yehuda"]
[Result "1-0"]
[WhiteElo "2615"]
[BlackElo "2444"]
[EventDate "2015.02.24"]
[PlyCount "87"]

1.e4 e5 2.Nf3 Nc6 3.Bc4 Nf6 4.d3 Be7 5.O-O O-O 6.a4 d6 7.Re1 Na5 8.Ba2 c5 
9.c3 Nc6 10.Na3 h6 11.Bd2 Be6 12.Bxe6 fxe6 13.b4 b6 14.Nc4 Qc7 15.Rc1 Nd7 
16.b5 Nd8 17.d4 Nf7 18.dxe5 dxe5 19.Qb3 Rae8 20.Rcd1 Nh8 21.Bc1 Kh7 22.Rd3
Ng6 23.Qd1 Nf6 24.g3 Rd8 25.Rxd8 Rxd8 26.Qe2 Rf8 27.Qf1 Ng4 28.Qh3 Rxf3 
29.Qxg4 Rxc3 30.Qxe6 Bf6 31.Rd1 Qe7 32.Qd5 Bg5 33.Bb2 Rb3 34.Bxe5 Nxe5 35.
Nxe5 Ra3 36.Nc4 Rxa4 37.f4 Bh4 38.gxh4 Qxh4 39.Qf5+ Kg8 40.Ne5 Rd4 41.Rf1 
Rd6 42.Kh1 Rf6 43.Qc8+ Kh7 44.Nd7 1-0

[Event "16th EUR-ch"]
[Site "Jerusalem ISR"]
[Date "2015.03.08"]
[Round "11"]
[White "Ben Artzi, Ido"]
[Black "Timofeev, Artyom"]
[Result "1/2-1/2"]
[WhiteElo "2408"]
[BlackElo "2564"]
[EventDate "2015.02.24"]
[PlyCount "116"]

1.d4 Nf6 2.c4 e6 3.Nc3 Bb4 4.e3 O-O 5.Bd3 d5 6.Nf3 c5 7.O-O dxc4 8.Bxc4 
Nbd7 9.a3 cxd4 10.axb4 dxc3 11.bxc3 Qc7 12.Be2 Nd5 13.c4 Nc3 14.Qc2 Nxe2+ 
15.Qxe2 b6 16.Ba3 Bb7 17.Rac1 a5 18.bxa5 Rfc8 19.axb6 Nxb6 20.Bb2 Ra2 21.
Rfd1 h6 22.Ra1 Rxa1 23.Bxa1 Nxc4 24.Nd4 Qa5 25.h4 Qd5 26.Qg4 h5 27.Qf3 
Qxf3 28.Nxf3 Bxf3 29.gxf3 Ra8 30.Kg2 e5 31.Kg3 Ra4 32.Bc3 f6 33.f4 Ra3 34.
Ba1 e4 35.Rd4 Na5 36.Bb2 Rb3 37.Rd5 Nc6 38.Rc5 Nb4 39.Bd4 Nd3 40.Rc8+ Kf7 
41.f3 exf3 42.Kxf3 Kg6 43.Rc7 Rb1 44.e4 Rb3 45.f5+ Kh6 46.Rc3 Rxc3 47.Bxc3
Kh7 48.Ke3 Nc5 49.Kd4 Nd7 50.Kd5 Kg8 51.Kd6 Nb6 52.Ke6 Nc4 53.Bxf6 gxf6 
54.Kxf6 Nd2 55.e5 Nf3 56.e6 Kf8 57.Kg6 Nxh4+ 58.Kxh5 Nxf5 1/2-1/2

[Event "16th EUR-ch"]
[Site "Jerusalem ISR"]
[Date "2015.03.08"]
[Round "11"]
[White "Indjic, Aleksandar"]
[Black "Petenyi, Tamas"]
[Result "1/2-1/2"]
[WhiteElo "2546"]
[BlackElo "2428"]
[EventDate "2015.02.24"]
[PlyCount "128"]

1.d4 Nf6 2.c4 g6 3.f3 Bg7 4.e4 d6 5.Ne2 O-O 6.Be3 Na6 7.Qd2 c5 8.d5 Nc7 9.
Nec3 a6 10.a4 b6 11.Na3 Rb8 12.Be2 e5 13.g4 Bd7 14.h4 h5 15.Rg1 hxg4 16.
fxg4 b5 17.axb5 axb5 18.cxb5 c4 19.b6 Na8 20.Nxc4 Nxb6 21.Nxb6 Rxb6 22.g5 
Nh5 23.Bxh5 gxh5 24.Bxb6 Qxb6 25.Qf2 Qb4 26.Ra7 Bg4 27.Rf1 f5 28.Ra4 Qb3 
29.exf5 Bxf5 30.Ra7 e4 31.Rxg7+ Kxg7 32.Qd4+ Kg8 33.Rf2 Rf7 34.Qe3 Qc4 35.
Kd2 Qb3 36.Kc1 Qc4 37.Rf4 Qb3 38.Rf2 Qc4 39.Kc2 Qb4 40.b3 Qa3 41.Rf1 Qa6 
42.Rf4 Qa3 43.Rf1 Qa6 44.Rg1 Bg6 45.Kb2 Rf3 46.Qe2 Qa5 47.Rc1 Qb4 48.Rc2 
Qd4 49.Qc4 Qxc4 50.bxc4 e3 51.Rc1 Rf2+ 52.Kb3 e2 53.c5 dxc5 54.Kc4 Rf4+ 
55.Kxc5 Bd3 56.d6 Rc4+ 57.Kd5 Rxc3 58.d7 Bc4+ 59.Kd4 Rd3+ 60.Kxc4 Rxd7 61.
Re1 Rd2 62.Kc3 Ra2 63.Kb3 Rd2 64.Kc3 Ra2 1/2-1/2

[Event "16th EUR-ch"]
[Site "Jerusalem ISR"]
[Date "2015.03.08"]
[Round "11"]
[White "Usmanov, Vasily"]
[Black "Antipov, Mikhail"]
[Result "1/2-1/2"]
[WhiteElo "2414"]
[BlackElo "2529"]
[EventDate "2015.02.24"]
[PlyCount "108"]

1.d4 Nf6 2.c4 e6 3.Nc3 Bb4 4.e3 O-O 5.Bd3 b6 6.Ne2 d5 7.a3 Bxc3+ 8.Nxc3 
Ba6 9.b3 dxc4 10.bxc4 Nc6 11.Qc2 e5 12.d5 Na5 13.Na2 c6 14.Nb4 Bb7 15.dxc6
Nxc6 16.O-O e4 17.Be2 Ne5 18.Bb2 Qc7 19.Qc3 Rfe8 20.Rfd1 Rac8 21.Rac1 Qb8 
22.Qd4 Rcd8 23.Qc3 Rc8 24.Qd4 Rcd8 25.Qc3 Rc8 26.h3 a5 27.Nc2 Ba6 28.Rd4 
b5 29.Qxa5 bxc4 30.Ba1 Nd3 31.Rf1 Qb5 32.Qc3 Qg5 33.Nb4 Bb7 34.Rxc4 Ne5 
35.Rxc8 Bxc8 36.Kh1 Qh4 37.Nc6 Bxh3 38.Nxe5 Bg4+ 39.Kg1 Bxe2 40.Re1 Bg4 
41.Nxg4 Qxg4 42.Rc1 h5 43.Qc6 h4 44.Kh2 h3 45.gxh3 Qf5 46.Rg1 Qxf2+ 47.Rg2
Ng4+ 48.hxg4 Qh4+ 49.Kg1 Qe1+ 50.Kh2 Re6 51.Qc8+ Kh7 52.g5 Qh4+ 53.Kg1 
Qe1+ 54.Kh2 Qh4+ 1/2-1/2

[Event "16th EUR-ch"]
[Site "Jerusalem ISR"]
[Date "2015.03.08"]
[Round "11"]
[White "Popilski, Gil"]
[Black "Kobo, Ori"]
[Result "1/2-1/2"]
[WhiteElo "2517"]
[BlackElo "2410"]
[EventDate "2015.02.24"]
[PlyCount "117"]

1.e4 g6 2.d4 Bg7 3.Nf3 d6 4.c4 e5 5.Nc3 Nc6 6.dxe5 Nxe5 7.Be2 Ne7 8.Nxe5 
dxe5 9.Qxd8+ Kxd8 10.Bg5 c6 11.O-O-O+ Ke8 12.Rd6 Be6 13.Rhd1 h6 14.Bh4 g5 
15.Rxe6 fxe6 16.Bh5+ Kf8 17.Bg3 Ng8 18.Rd7 Nf6 19.Rf7+ Kg8 20.Bg6 h5 21.
Re7 Rh6 22.Bf7+ Kf8 23.Rxb7 Ne8 24.Bxe8 Rxe8 25.f3 Re7 26.Rxe7 Kxe7 27.Kd1
g4 28.Ke2 gxf3+ 29.Kxf3 Rf6+ 30.Ke2 Rg6 31.Kf1 Ke8 32.b3 Rf6+ 33.Bf2 Bf8 
34.Ke2 a6 35.g3 Rg6 36.h3 Ba3 37.Na4 Kf7 38.Kf3 Rf6+ 39.Ke2 Rg6 40.Be1 a5 
41.c5 Rg8 42.Bf2 Rd8 43.Nb6 Bb2 44.Nc4 Bc3 45.g4 hxg4 46.hxg4 Rh8 47.Bg3 
Kf6 48.Kf3 Rh3 49.Kg2 Rh7 50.Kf3 Rh3 51.Kg2 Rh7 52.Kf3 Ra7 53.Bxe5+ Bxe5 
54.g5+ Kxg5 55.Nxe5 Rc7 56.Ke3 Kf6 57.Kf4 Rc8 58.Nc4 Ra8 59.a4 1/2-1/2

[Event "16th EUR-ch"]
[Site "Jerusalem ISR"]
[Date "2015.03.08"]
[Round "11"]
[White "Sivuk, Vitaly"]
[Black "Deac, Bogdan-Daniel"]
[Result "0-1"]
[WhiteElo "2517"]
[BlackElo "2402"]
[EventDate "2015.02.24"]
[PlyCount "152"]

1.d4 Nf6 2.c4 e6 3.Nc3 Bb4 4.e3 O-O 5.Ne2 c6 6.a3 Ba5 7.g3 d5 8.Qd3 e5 9.
Bg2 dxc4 10.Qxc4 Be6 11.Qd3 Nbd7 12.b4 Bb6 13.O-O exd4 14.exd4 Ne5 15.Qc2 
Ng6 16.Rd1 Nd5 17.Na4 Re8 18.h3 Qf6 19.Nec3 Nxc3 20.Nxc3 Rad8 21.Be3 Ne7 
22.Qc1 h6 23.Ne4 Qg6 24.Nc5 Bxc5 25.dxc5 Bd5 26.Qb1 Qe6 27.Qb2 Bxg2 28.
Kxg2 Nf5 29.Qe2 Nd4 30.Qg4 Qxg4 31.hxg4 Nc2 32.Rxd8 Rxd8 33.Ra2 Nxe3+ 34.
fxe3 Kf8 35.Kf3 Rd3 36.a4 Rb3 37.b5 Rc3 38.bxc6 bxc6 39.Rb2 a5 40.Rb7 Rxc5
41.Ra7 g6 42.Ke2 Kg7 43.Kd3 Rg5 44.e4 Rxg4 45.Rxa5 Rxg3+ 46.Kd4 h5 47.Ra6 
h4 48.Rxc6 h3 49.Rc1 Ra3 50.Ke5 Rxa4 51.Rh1 Ra3 52.Kf4 Kf6 53.e5+ Ke6 54.
Rh2 Rd3 55.Ke4 Rc3 56.Kf4 Rb3 57.Rh1 Rd3 58.Ke4 Rd5 59.Rxh3 Rxe5+ 60.Kf4 
Kf6 61.Ra3 g5+ 62.Kf3 Kf5 63.Rb3 g4+ 64.Kg3 Kg5 65.Rb7 Re3+ 66.Kf2 Rf3+ 
67.Kg2 f5 68.Rb2 Re3 69.Ra2 f4 70.Ra8 Re2+ 71.Kf1 Rb2 72.Rh8 f3 73.Rd8 Kf4
74.Rd1 Kg3 75.Kg1 Rg2+ 76.Kf1 Rh2 0-1

[Event "16th EUR-ch"]
[Site "Jerusalem ISR"]
[Date "2015.03.08"]
[Round "11"]
[White "Baron, Tal"]
[Black "Iovcov, Valerii"]
[Result "1/2-1/2"]
[WhiteElo "2510"]
[BlackElo "2368"]
[EventDate "2015.02.24"]
[PlyCount "91"]

1.e4 c6 2.d4 d5 3.Nd2 dxe4 4.Nxe4 Bf5 5.Ng3 Bg6 6.h4 h6 7.Nf3 Nd7 8.Bd3 
Bxd3 9.Qxd3 Qc7 10.Bd2 e6 11.O-O-O Ngf6 12.Ne4 O-O-O 13.g3 Be7 14.Kb1 c5 
15.Bf4 Qc6 16.Nc3 c4 17.Qe3 Nd5 18.Nxd5 Qxd5 19.Rhe1 Bf6 20.g4 g6 21.Bg3 
g5 22.hxg5 hxg5 23.Qa3 a6 24.Kc1 Qc6 25.Qa5 Qb6 26.Qc3 Qc6 27.Nd2 Nb6 28.
Be5 Bxe5 29.Rxe5 Rd5 30.Qf3 Rxd4 31.Qxc6+ bxc6 32.Ne4 Rd5 33.Rxg5 c3 34.b3
Rxg5 35.Nxg5 Rg8 36.Nxf7 Rxg4 37.Nd8 Rf4 38.Nxe6 Rxf2 39.Rd8+ Kb7 40.Rf8 
Re2 41.Nc5+ Ka7 42.Rf7+ Ka8 43.Rf8+ Ka7 44.Rf7+ Ka8 45.Rf8+ Ka7 46.Rf7+ 
1/2-1/2

[Event "16th EUR-ch"]
[Site "Jerusalem ISR"]
[Date "2015.03.08"]
[Round "11"]
[White "Barnaure, Vlad-Victor"]
[Black "Faizrakhmanov, Ramil"]
[Result "0-1"]
[WhiteElo "2508"]
[BlackElo "2371"]
[EventDate "2015.02.24"]
[PlyCount "120"]

1.c4 e6 2.e4 d5 3.exd5 exd5 4.d4 Nf6 5.Nc3 Be7 6.cxd5 O-O 7.Bc4 Nbd7 8.Bb3
Nb6 9.Nf3 Nfxd5 10.O-O c6 11.Re1 Bf6 12.Ne5 Be6 13.Ne4 Be7 14.Nc5 Bxc5 15.
dxc5 Nd7 16.Qd4 Qa5 17.Nd3 b6 18.Bxd5 bxc5 19.Bxe6 cxd4 20.Bxd7 Qb5 21.Ne5
Rae8 22.Bf4 Re7 23.Bxc6 Qxb2 24.h4 h6 25.Reb1 Qc2 26.Bb5 Qf5 27.Nd3 Rc8 
28.Rb3 Rc3 29.Rab1 Rb7 30.Ba6 Rbxb3 31.Rxb3 Rxd3 32.Bxd3 Qxf4 33.g3 Qc1+ 
34.Kg2 g6 35.h5 gxh5 36.Be4 Kg7 37.Rf3 Qc5 38.a3 f6 39.Kg1 Qe7 40.Bf5 Qe2 
41.Kg2 Qc4 42.Be4 Qe6 43.Rf4 Qa6 44.Bf5 Qb5 45.Be4 d3 46.Bf3 Qc5 47.Rb4 
Kg6 48.Rb3 Qd4 49.Rb4 Qd6 50.Rb5 f5 51.a4 d2 52.Rb1 Qd4 53.a5 h4 54.gxh4 
Qxh4 55.Rd1 Qf4 56.a6 h5 57.Rg1 Kf6 58.Ra1 h4 59.Bd1 Qe4+ 60.Bf3 h3+ 0-1

[Event "16th EUR-ch"]
[Site "Jerusalem ISR"]
[Date "2015.03.08"]
[Round "11"]
[White "Andersen, Mads"]
[Black "Birnboim, Nathan"]
[Result "1-0"]
[WhiteElo "2494"]
[BlackElo "2347"]
[EventDate "2015.02.24"]
[PlyCount "85"]

1.Nf3 Nf6 2.g3 d5 3.Bg2 e6 4.O-O Be7 5.c4 O-O 6.b3 b6 7.Bb2 Bb7 8.e3 dxc4 
9.bxc4 c5 10.Qe2 Qc7 11.Rd1 Rc8 12.Nc3 a6 13.d3 Nc6 14.Rab1 Rab8 15.Ba1 
Ba8 16.Nd2 Rd8 17.f4 Rd7 18.a3 Qd8 19.Nf3 Ne8 20.g4 Nc7 21.g5 b5 22.Ne4 
Bf8 23.h4 bxc4 24.dxc4 Rxb1 25.Rxb1 Rd3 26.a4 a5 27.h5 Ne7 28.Nxc5 Ra3 29.
Rd1 Qc8 30.h6 Nf5 31.Nd3 Rxa4 32.hxg7 Bxg7 33.Bxg7 Nxg7 34.Nc5 Rb4 35.Nd7 
Nce8 36.Nfe5 Bxg2 37.Qxg2 Rb7 38.Nf6+ Kh8 39.Qh1 Nxf6 40.gxf6 Ne8 41.Qh6 
Qc5 42.f5 Qb4 43.Qg7+ 1-0

[Event "16th EUR-ch"]
[Site "Jerusalem ISR"]
[Date "2015.03.08"]
[Round "11"]
[White "Sadzikowski, Daniel"]
[Black "Kudischewitsch, David"]
[Result "1/2-1/2"]
[WhiteElo "2492"]
[BlackElo "2334"]
[EventDate "2015.02.24"]
[PlyCount "102"]

1.c4 c6 2.Nc3 d5 3.d4 Nf6 4.e3 e6 5.Nf3 Nbd7 6.Qc2 Be7 7.Bd3 O-O 8.O-O c5 
9.cxd5 exd5 10.b3 b6 11.Bb2 Bb7 12.Rfd1 cxd4 13.Nxd4 g6 14.Rac1 Rc8 15.Qe2
Nc5 16.Bb1 Re8 17.b4 Ncd7 18.Ncb5 Rxc1 19.Rxc1 Bxb4 20.Nxa7 Bc5 21.Nab5 
Ne5 22.Nb3 Bf8 23.Bd4 Ba6 24.a4 Ne4 25.Qb2 Bxb5 26.axb5 Nc4 27.Qa2 Ned6 
28.Qa6 Qd7 29.Bxb6 Nxb5 30.Bc5 Rb8 31.Bxf8 Kxf8 32.Bd3 Nbd6 33.Nd4 Kg7 34.
Be2 Ne5 35.Qa2 Qb7 36.Qa1 Qb2 37.Nf3 Qxa1 38.Rxa1 Nxf3+ 39.Bxf3 Ne4 40.Rd1
Rb5 41.g4 f5 42.gxf5 gxf5 43.h4 Kf6 44.Ra1 Rb6 45.Ra7 h6 46.Bxe4 fxe4 47.
Kh2 Ke5 48.Rg7 Rf6 49.Kg3 Rf3+ 50.Kg2 Rf6 51.Rg8 Kf5 1/2-1/2

[Event "16th EUR-ch"]
[Site "Jerusalem ISR"]
[Date "2015.03.08"]
[Round "11"]
[White "Zisman, Philip"]
[Black "Firat, Burak"]
[Result "1/2-1/2"]
[WhiteElo "2238"]
[BlackElo "2486"]
[EventDate "2015.02.24"]
[PlyCount "109"]

1.d4 Nf6 2.Nf3 d5 3.c4 c6 4.Nc3 e6 5.Bg5 Nbd7 6.e4 h6 7.Bxf6 Nxf6 8.e5 Ne4
9.Bd3 Nxc3 10.bxc3 Be7 11.O-O O-O 12.Nd2 c5 13.cxd5 Qxd5 14.Be4 Qd7 15.Nb3
cxd4 16.cxd4 Rb8 17.f4 b6 18.f5 exf5 19.Rxf5 Qa4 20.Rf2 Be6 21.Bc2 Qb5 22.
Qf3 f5 23.exf6 Rxf6 24.Qe4 Rxf2 25.Qxe6+ Rf7 26.Bg6 Rf8 27.Rc1 Ba3 28.
Bxf7+ Rxf7 29.Rc8+ Bf8 30.Nd2 Qf5 31.Qxf5 Rxf5 32.Nf3 Kh7 33.Ne5 Ba3 34.
Nc6 Bc1 35.Re8 Rd5 36.Nxa7 Rxd4 37.Re2 Ra4 38.Nb5 Rb4 39.Nc3 Bb2 40.Nd5 
Bd4+ 41.Kf1 Rb1+ 42.Re1 Rb5 43.Ne7 Rc5 44.g4 Bf6 45.Re6 Rc1+ 46.Kg2 Rc2+ 
47.Kg3 Rxa2 48.Nd5 Bd4 49.Nxb6 Ra6 50.Nd7 Ra3+ 51.Kg2 Ra2+ 52.Kg3 Bg1 53.
h3 Bf2+ 54.Kf3 Bh4 55.Re2 1/2-1/2

[Event "16th EUR-ch"]
[Site "Jerusalem ISR"]
[Date "2015.03.08"]
[Round "11"]
[White "Zanan, Evgeny"]
[Black "Ducarmon, Quinten"]
[Result "1/2-1/2"]
[WhiteElo "2327"]
[BlackElo "2482"]
[EventDate "2015.02.24"]
[PlyCount "80"]

1.e4 c6 2.d4 d5 3.e5 Bf5 4.Nf3 e6 5.Be2 Nd7 6.O-O h6 7.Nbd2 Qc7 8.Nb3 a5 
9.a4 Be7 10.Bd2 Bd8 11.Ne1 Ne7 12.Bd3 Bxd3 13.Nxd3 b6 14.Rc1 Qa7 15.Nf4 c5
16.c3 Qa6 17.Be3 Rc8 18.Nd2 Nf5 19.g4 Nh4 20.Nf3 cxd4 21.cxd4 Rxc1 22.Bxc1
Nxf3+ 23.Qxf3 Qc4 24.Be3 Qxa4 25.Rc1 O-O 26.Qg3 Bg5 27.h4 Bxf4 28.Qxf4 Qb5
29.Rc7 f6 30.exf6 Nxf6 31.Qe5 Qd3 32.Qxe6+ Kh8 33.Rc8 Rxc8 34.Qxc8+ Kh7 
35.g5 Qg6 36.Kf1 Qb1+ 37.Ke2 Nh5 38.Qc3 hxg5 39.hxg5 Qe4 40.Qc7 b5 1/2-1/2

[Event "16th EUR-ch"]
[Site "Jerusalem ISR"]
[Date "2015.03.08"]
[Round "11"]
[White "Pogosian, Vladimir"]
[Black "Battaglini, Gabriel"]
[Result "1-0"]
[WhiteElo "2124"]
[BlackElo "2460"]
[EventDate "2015.02.24"]
[PlyCount "55"]

1.e4 c6 2.d4 g6 3.Nc3 Bg7 4.Be2 d5 5.e5 Nh6 6.h4 f6 7.exf6 exf6 8.Bf4 Nf7 
9.Qd2 b5 10.Qe3+ Qe7 11.Qg3 Nd7 12.h5 g5 13.Bd2 O-O 14.O-O-O Qd6 15.Qxd6 
Nxd6 16.h6 Bh8 17.f4 Nf5 18.fxg5 Nxd4 19.Bh5 Ne5 20.Nf3 Ndxf3 21.gxf3 fxg5
22.Bxg5 Ng6 23.Bxg6 hxg6 24.Rde1 Rxf3 25.Re8+ Kh7 26.Re7+ Kg8 27.h7+ Kf8 
28.Rhe1 1-0

[Event "16th EUR-ch"]
[Site "Jerusalem ISR"]
[Date "2015.03.08"]
[Round "11"]
[White "Sanal, Vahap"]
[Black "Fischer, Sebastian"]
[Result "1-0"]
[WhiteElo "2460"]
[BlackElo "2256"]
[EventDate "2015.02.24"]
[PlyCount "35"]

1.e4 d5 2.exd5 Qxd5 3.Nc3 Qa5 4.d4 Nf6 5.Bc4 Bg4 6.f3 Bf5 7.Bd2 Qb6 8.Nge2
Nbd7 9.Nf4 Qxd4 10.Qe2 Qe5 11.Be3 e6 12.g4 Bg6 13.h4 h5 14.Nxg6 fxg6 15.f4
Qd6 16.Nb5 Qc6 17.O-O-O Nc5 18.Nd6+ 1-0

[Event "16th EUR-ch"]
[Site "Jerusalem ISR"]
[Date "2015.03.08"]
[Round "11"]
[White "Damaso, Rui"]
[Black "Belytsky, Alexandr"]
[Result "1/2-1/2"]
[WhiteElo "2451"]
[BlackElo "2227"]
[EventDate "2015.02.24"]
[PlyCount "138"]

1.e4 c5 2.Nc3 Nc6 3.Bb5 g6 4.Bxc6 dxc6 5.f4 Bg7 6.Nf3 Nf6 7.O-O O-O 8.d3 
b6 9.Qe1 Nd7 10.Kh1 e6 11.e5 f5 12.exf6 Nxf6 13.Ne5 Qc7 14.Bd2 Bd7 15.Qh4 
Rae8 16.Rf3 Nh5 17.Re1 Qd8 18.Qxd8 Rxd8 19.Nxd7 Rxd7 20.Rxe6 c4 21.Rxc6 
cxd3 22.cxd3 Rfd8 23.g3 Rxd3 24.Rxd3 Rxd3 25.Rc8+ Kf7 26.Be1 Re3 27.Bf2 
Rd3 28.Ne4 Bxb2 29.Rc7+ Ke6 30.Rxa7 Kf5 31.Re7 Nf6 32.Nxf6 Bxf6 33.Rxh7 
Rd2 34.Bxb6 Kg4 35.Ra7 Rd1+ 36.Kg2 Rd2+ 37.Kh1 Rd1+ 38.Kg2 Rd2+ 39.Kf1 
Rxh2 40.Ra3 Rh1+ 41.Kg2 Rb1 42.Bf2 Rb2 43.Kf1 Rc2 44.Be1 Rb2 45.Ra6 Bd4 
46.Rxg6+ Kf3 47.Rh6 Rg2 48.Rh1 Rxa2 49.f5 Ra1 50.Rh2 Ra6 51.g4 Be5 52.Rg2 
Rh6 53.Rg1 Rf6 54.Rg2 Rh6 55.Rg1 Rf6 56.Bd2 Bg3 57.Be1 Be5 58.Bf2 Rf7 59.
Rg2 Rb7 60.Be1 Rf7 61.Bh4 Rh7 62.Bf2 Rb7 63.Be1 Rf7 64.Bd2 Bg3 65.Re2 Kxg4
66.Kg2 Rxf5 67.Re4+ Bf4 68.Rxf4+ Rxf4 69.Bxf4 Kxf4 1/2-1/2

[Event "16th EUR-ch"]
[Site "Jerusalem ISR"]
[Date "2015.03.08"]
[Round "11"]
[White "Forster, Richard"]
[Black "Zak, Arad"]
[Result "1-0"]
[WhiteElo "2446"]
[BlackElo "2061"]
[EventDate "2015.02.24"]
[PlyCount "69"]

1.b3 Nf6 2.Bb2 d5 3.Nf3 c5 4.e3 Nc6 5.Bb5 Bd7 6.O-O e6 7.Bxc6 Bxc6 8.Ne5 
Bb5 9.d3 Bd6 10.f4 Qe7 11.Nc3 Ba6 12.Qf3 O-O-O 13.a4 Ne8 14.Nb5 Bb8 15.d4 
Nd6 16.c4 Ne4 17.Rfc1 Bxe5 18.fxe5 Kb8 19.cxd5 exd5 20.dxc5 Nxc5 21.Ba3 b6
22.Nd4 Bb7 23.Qg3 Ka8 24.a5 a6 25.axb6 Rc8 26.Rc2 Rhe8 27.Rac1 Ne4 28.
Rxc8+ Bxc8 29.Bxe7 Nxg3 30.Rc7 Bb7 31.hxg3 Rc8 32.Nf5 Kb8 33.Bd6 Rxc7 34.
Bxc7+ Ka8 35.Nd6 1-0

[Event "16th EUR-ch"]
[Site "Jerusalem ISR"]
[Date "2015.03.08"]
[Round "11"]
[White "Gershkowich, David"]
[Black "Zoler, Dan"]
[Result "1/2-1/2"]
[WhiteElo "2227"]
[BlackElo "2527"]
[EventDate "2015.02.24"]
[PlyCount "232"]

1.e4 e5 2.Nf3 Nc6 3.Bb5 a6 4.Ba4 Nf6 5.O-O Be7 6.Re1 b5 7.Bb3 O-O 8.c3 d6 
9.h3 Nb8 10.d4 Nbd7 11.c4 c6 12.a3 Bb7 13.Nc3 Qc7 14.Bg5 Rac8 15.Rc1 Qb8 
16.Ba2 Rfe8 17.dxe5 Nxe5 18.Nxe5 dxe5 19.c5 Rcd8 20.Qf3 Bc8 21.b4 h6 22.
Be3 Be6 23.Bxe6 fxe6 24.Qe2 a5 25.bxa5 Qa7 26.a4 b4 27.Na2 Qxa5 28.Qc4 Rb8
29.Bd2 Qxa4 30.Nxb4 Bf8 31.Ra1 Qb5 32.Rec1 Nd7 33.Qxb5 Rxb5 34.Nxc6 Bxc5 
35.Rc2 Rf8 36.Be3 Bxe3 37.fxe3 Nf6 38.Rc4 Rb3 39.Nxe5 Rxe3 40.Ng6 Rb8 41.
Nf4 Nxe4 42.Rc7 Nd6 43.Rc6 Rf8 44.Ng6 Rd8 45.Rd1 Nf7 46.Ra1 Ne5 47.Nxe5 
Rxe5 48.Ra7 Rd2 49.Rcc7 Rg5 50.g4 h5 51.Kf1 Rh2 52.Re7 Rxh3 53.gxh5 e5 54.
Re8+ Kh7 55.Ra5 Rhxh5 56.Re7 Rf5+ 57.Ke2 Rhg5 58.Ke3 Kh6 59.Raa7 Rf1 60.
Ra5 g6 61.Ke2 Rff5 62.Ra6 Rg4 63.Ke3 Rh4 64.Ree6 Rg5 65.Re8 Rgh5 66.Rae6 
Rh3+ 67.Kf2 Rf5+ 68.Kg2 Rhh5 69.Rg8 Rhg5+ 70.Kh3 Rf3+ 71.Kh2 Rf4 72.Kh3 e4
73.Rh8+ Kg7 74.Rhe8 Rgg4 75.R6e7+ Kh6 76.Re5 Rh4+ 77.Kg3 Rfg4+ 78.Kf2 Rh2+
79.Ke3 Rh3+ 80.Ke2 Rhh4 81.Kf2 Rf4+ 82.Ke2 Rhg4 83.Rh8+ Kg7 84.Rhe8 g5 85.
R5e7+ Kg6 86.Re6+ Rf6 87.R6e7 Rh4 88.Re5 Rh2+ 89.Ke3 Rh3+ 90.Ke2 Ra6 91.
Kf2 Ra2+ 92.Kg1 Rg3+ 93.Kh1 Ra1+ 94.Kh2 Rag1 95.R5e6+ Kh5 96.Rh6+ Kg4 97.
Rxe4+ Kf3 98.Rf6+ Kxe4 99.Re6+ Kd3 100.Rd6+ Ke2 101.Rd2+ Kf3 102.Rf2+ Ke4 
103.Rf4+ Kd3 104.Rd4+ Kc2 105.Rc4+ Kd1 106.Rc1+ Ke2 107.Rc2+ Kf3 108.Rf2+ 
Ke3 109.Re2+ Kf4 110.Re4+ Kf5 111.Rf4+ Kg6 112.Rf6+ Kh5 113.Rh6+ Kg4 114.
Rh4+ Kf3 115.Rf4+ Ke2 116.Rf2+ Kxf2 1/2-1/2

[Event "16th EUR-ch"]
[Site "Jerusalem ISR"]
[Date "2015.03.08"]
[Round "11"]
[White "Mikhalevski, Victor"]
[Black "Shevelev, Arkady"]
[Result "1/2-1/2"]
[WhiteElo "2559"]
[BlackElo "2285"]
[EventDate "2015.02.24"]
[PlyCount "89"]

1.d4 Nf6 2.Nf3 d5 3.c4 c5 4.cxd5 cxd4 5.Qa4+ Qd7 6.Qxd4 Qxd5 7.Nc3 Qxd4 8.
Nxd4 a6 9.g3 e5 10.Nb3 Bd7 11.Bg2 Bc6 12.e4 Bb4 13.O-O O-O 14.Nd5 Nxd5 15.
exd5 Bb5 16.Rd1 Be2 17.Bd2 Bxd1 18.Bxb4 Bxb3 19.Bxf8 Kxf8 20.axb3 Ke7 21.
Rc1 Kd8 22.Rc4 Nd7 23.d6 Rb8 24.Rc7 Rc8 25.Bxb7 Rxc7 26.dxc7+ Kxc7 27.Bxa6
Kd6 28.Bb5 Nc5 29.b4 Ne6 30.Bc4 Nd8 31.Kg2 f6 32.Kf3 Nc6 33.b5 Nd4+ 34.Ke4
f5+ 35.Ke3 Kc5 36.Bg8 h6 37.b6 Kxb6 38.f4 Nc6 39.Be6 Nd4 40.Bd7 Kc7 41.
fxe5 Nc2+ 42.Kd2 Kxd7 43.Kxc2 Ke6 44.h4 g5 45.hxg5 1/2-1/2

[Event "16th EUR-ch"]
[Site "Jerusalem ISR"]
[Date "2015.03.08"]
[Round "11"]
[White "Kanmazalp, Ogulcan"]
[Black "Bakalchuk, Johnatan"]
[Result "1-0"]
[WhiteElo "2457"]
[BlackElo "2272"]
[EventDate "2015.02.24"]
[PlyCount "115"]

1.e4 c5 2.Nf3 Nc6 3.c3 d5 4.exd5 Qxd5 5.d4 Bf5 6.Be2 cxd4 7.cxd4 Bxb1 8.
Rxb1 Nf6 9.O-O e6 10.Be3 Bd6 11.Nd2 O-O 12.Bf3 Qf5 13.Qb3 Rab8 14.Rbc1 
Rfc8 15.h3 h5 16.Nc4 Bc7 17.Na3 Nd5 18.Nb5 a6 19.Nc3 Nxe3 20.fxe3 Qd3 21.
Na4 Qxb3 22.axb3 h4 23.Nc5 Ba5 24.Nd7 Bd2 25.Rc3 Bxc3 26.bxc3 Na5 27.Nxb8 
Rxb8 28.Rb1 b5 29.Kf2 Rc8 30.b4 Nc4 31.Ke2 Nb6 32.Kd3 Na4 33.Rb3 Rc7 34.
Kd2 Kf8 35.Ra3 e5 36.Bd1 Nb2 37.Bb3 exd4 38.exd4 Rc6 39.Ra2 Nc4+ 40.Kd3 
Ke7 41.d5 Rb6 42.Bxc4 bxc4+ 43.Kxc4 Kd6 44.Kd4 Kd7 45.Rf2 f6 46.Rf4 g5 47.
Rf2 Ke7 48.Kc5 Rd6 49.c4 Rd8 50.Ra2 Rc8+ 51.Kd4 Rb8 52.Kc3 f5 53.Rxa6 Rg8 
54.Kd4 g4 55.Rh6 f4 56.Rxh4 f3 57.gxf3 g3 58.Re4+ 1-0